000 00893nam0a22002891 4500
001 2570937
005 20250622224330.0
021 _aRU
_b78-99106
035 _a(NLR Aleph) 006454839
090 _a5775778
_c5775778
100 _a20110316d1978 |||y0rusy50 ca
101 1 _arus
_aeng
_crus
_geng
102 _aRU
105 _aa z |||||
200 1 _aThe collective acceleration mechanism of solar cosmic rays
_fS.S. Gershtein
210 _aSerpukhov
_cБ. и.
_d1978
215 _a21 с.
_cил.
_d25
225 1 _aInstitute for high energy physics. [Publications]
_vОТФ 78-112
320 _aБиблиогр.: с. 19
686 _aВ652.473.2,09
_2rubbk
700 1 _aГерштейн
_bС.С.
_gСемен Соломонович
801 0 _aRU
_bNLR
_gpsbo
801 1 _aRU
_bELAR
_2rusmarc
852 _aNLR
_jDesideratum
899 _aRuMoRGB
_jБр 107/214
942 _cBOOK
980 _aNB